| 000 | 00658nam a2200205 i 4500 | ||
|---|---|---|---|
| 001 | 148878 | ||
| 003 | ES-MaACL | ||
| 005 | 20251014063212.0 | ||
| 007 | t| | ||
| 008 | 070214s1957 sp |||| | spa d | ||
| 100 | 1 |
_aSue, Eugène, _d1804-1857 _9132950 |
|
| 245 | 1 | 4 |
_aLos misterios de París / _cEugène Sue ; prefacio de Edmond Jaloux ; traducción de Eduardo Artella, Félix Carlos Plá. |
| 260 |
_aBarcelona : _bAlbor, _c1957. |
||
| 300 |
_a411 p. ; _c17 cm. |
||
| 700 | 1 |
_aJaloux, Edmond. _965955 |
|
| 700 | 1 |
_aArtella, Eduardo. _923447 |
|
| 700 | 1 |
_aPlá, Félix Carlos. _992470 |
|
| 852 |
_aES-MaACL _jC-13517 |
||
| 999 |
_c148878 _d148878 |
||